Mile soor humara tumhara / (Record no. 40380)

MARC details
000 -LEADER
fixed length control field 00654nam a22002057a 4500
005 - DATE AND TIME OF LATEST TRANSACTION
control field 20100809111224.0
010 ## - LCCN (DPL NO)
LC control number ENG-98983
020 ## - INTERNATIONAL STANDARD BOOK NUMBER
Terms of availability 100.00
035 ## - SYSTEM CONTROL NUMBER
System control number EN-82515
037 ## - SOURCE OF ACQUISITION
Source of stock number/acquisition DBAD/PUB
082 ## - DEWEY DECIMAL CLASSIFICATION NUMBER
Classification number 920
100 ## - MAIN ENTRY--PERSONAL NAME
Personal name Kulkarni, Usha Ravindra
245 ## - TITLE STATEMENT
Title Mile soor humara tumhara /
Statement of responsibility, etc by Usha Ravindra Kulkarni
260 ## - PUBLICATION, DISTRIBUTION, ETC. (IMPRINT)
Place of publication, distribution, etc Pune
Name of publisher, distributor, etc Unmesh Prakashan
Date of publication, distribution, etc 2009
270 ## - ADDRESS
Address C/o Anand Bhimsen Joshi 'Parimal Ganesh Nagar
City Pune
Postal code 411042
300 ## - PHYSICAL DESCRIPTION
Extent 61 p.
Dimensions 22 cm. (Pbk)
700 ## - ADDED ENTRY--PERSONAL NAME
9 (RLIN) 9334
942 ## - ADDED ENTRY ELEMENTS (KOHA)
Source of classification or shelving scheme Dewey Decimal Classification
Item type English Books
Call number suffix KUL
Classification part 920
Holdings
Withdrawn status Lost status Not for loan Collection code Home library Current library Date acquired Cost, normal purchase price Full call number Barcode Copy number Cost, replacement price Koha item type
    Not For Loan Non-fiction D.B.Act.Division D.B.Act.Division 09/08/2010 100.00 920 KUL EN-82515 1 100.00 English Books

© Delhi Public Library
Hit Counter
free hit counter